=LDR 00000nam 2200000 4500 =001 INLIS000000000031258 =005 20130612133335 =008 ***********************************Ind** =035 ##$$0010-061300000031258 =041 ##$$a Ind =082 ##$$a 635.986 =090 ##$$a 635.986, And p =100 ##$$a Andoko, Agus =245 ##$$a Ucapan terima kasih, Agus Andoko; Setyoaji Kumoro =260 ##$$a 2008 $b Jakarta =300 ##$$a viii, 52 hlm, ilus, 25 cm =650 ##$$a Tanaman Pot =700 ##$$a Kumoro, Setyoaji =850 ##$$a NBPNMAT =990 ##$$a 0001/BPAP-NTB/20142015